Enzymes in carbohydrate synthesis /

Salvato in:
Dettagli Bibliografici
Enti autori: American Chemical Society. Division of Carbohydrate Chemistry, American Chemical Society. Meeting
Altri autori: Bednarski, Mark D., 1958-, Simon, Ethan S., 1963-
Natura: Libro
Lingua:inglese
Pubblicazione: Washington, DC American Chemical Society 1991.
Serie:ACS symposium series, 466
Soggetti:
Accesso online:Visualizza in OPAC
Tags: Aggiungi Tag
Nessun Tag, puoi essere il primo ad aggiungerne!!

MARC

LEADER 00000cam a2200000 a 4500
005 20260127134315.0
008 050512s1991 dcua b 101 0 eng
010 |a 91-018662 
020 |a 0841220972 (alk. paper) 
035 |a vtls008153352 
035 |a 4851315 
039 9 |y 200505120923  |z mschk03 
040 |a STUSCHK1  |b slo  |c STUSCHK1 
082 0 0 |a 660/.634  |2 20 
245 0 0 |a Enzymes in carbohydrate synthesis /  |c Mark D. Bednarski, editor, Ethan S. Simon, editor. 
260 |a Washington, DC  |b American Chemical Society  |c 1991. 
300 |a xi, 131 p.  |b ill.  |c 24 cm. 
440 0 |a ACS symposium series,  |x 0097-6156 ;  |v 466 
500 |a "Developed from a symposium sponsored by the Division of Carbohydrate Chemistry at the 199th National Meeting of the American Chemical Society, Boston, Massachusetts, April 22-27, 1990." 
504 |a Includes bibliographical references and indexes. 
650 0 |a Enzymes  |x Biotechnology  |x Congresses. 
650 0 |a Carbohydrates  |x Biotechnology  |x Congresses. 
650 0 |a Carbohydrates  |x Synthesis  |x Congresses. 
700 1 |a Bednarski, Mark D.,  |d 1958- 
700 1 |a Simon, Ethan S.,  |d 1963- 
710 2 |a American Chemical Society.  |b Division of Carbohydrate Chemistry  
710 2 |a American Chemical Society.  |b Meeting  |n (199. :  |d 1990 :  |c Boston, Mass.) 
906 |a 7  |b cbc  |c orignew  |d 1  |e ocip  |f 19  |g y-gencatlg 
910 |a SCHK95 
919 |a 0-8412-2097-2 
991 |b c-GenColl  |h TP248.65.E59  |i E592 1991  |t Copy 1  |w BOOKS 
999 |c 9369  |d 9369